Teoretická a anorganická chemie /

Hlavní autor: Chlebovský, Theofil, 1917-1973
Korporativní autor: Vysoká škola báňská v Ostravě. Hutnická fakulta
Jazyk: Čeština
Vydáno: Ostrava : Ediční středisko Vysoké školy báňské, 1955
Vydání: 3. vyd.
Edice: Učební texty vysokých škol / Vysoká škola báňská v Ostravě, fakulta hutnická
Fyzický popis: 488 s. + 9 s. příl.
Knihy
Uloženo v:
LEADER 00937nam a2200217 a 4500
001 000652302
003 CZ BrMZK
005 20180904135039.0
008 030207s1955 xr f cze d
040 |a BOA001  |b cze  |c BOA001 
100 1 |a Chlebovský, Theofil,  |d 1917-1973  |7 jk01050171  |4 aut 
245 1 0 |a Teoretická a anorganická chemie /  |c Teofil Chlebovský 
250 |a 3. vyd. 
260 |a Ostrava :  |b Ediční středisko Vysoké školy báňské,  |c 1955 
300 |a 488 s. +  |e 9 s. příl. 
490 1 |a Učební texty vysokých škol / Vysoká škola báňská v Ostravě, fakulta hutnická 
710 2 |a Vysoká škola báňská v Ostravě.  |b Hutnická fakulta  |7 kn20010709387 
810 2 |a Vysoká škola báňská v Ostravě.  |t Učební texty vysokých škol  |0 s 
910 |a BOA001  |b TK-A-0061.366 
990 |a BK 
996 6 |b BC-77069  |c TK-A-0061.366  |l MZK  |r Sklad / do 24 hodin  |n 0  |p příloha (9 s.) chybí  |w 000652302  |u 000010  |a 1  |e BOA001  |j MZK50  |s P